| 000 | 00900nam a2200241 a 4500 | ||
|---|---|---|---|
| 999 |
_c346865 _d346865 |
||
| 003 | BLK | ||
| 005 | 20250606121500.0 | ||
| 008 | 191204b bu a|||br|||| 00| 0 bu d | ||
| 020 | _a9786191931347 | ||
| 040 | _aBLK | ||
| 041 |
_aBUL _cBUL |
||
| 080 |
_aБългарска литература _b821.163.2 _x-93-34 _z821.163.2-93-34 |
||
| 100 |
_aЕлин Пелин _qСтоянов, Димитър Иванов _9363511 |
||
| 139 |
_aЕлин Пелин _bЕ 53 |
||
| 245 |
_aЯн Бибиян _bНевероятните приключения на едно хлапе |
||
| 260 |
_9217678 _aСофия _bАртлайн Студиос _c2018 _dСтудио Арт Лайн |
||
| 300 |
_a120 с. _bс ил. _c30 см |
||
| 380 | _aX | ||
| 700 |
_9599 _aНанева, Дияна _eил. |
||
| 852 | _aЦб ІІ | ||
| 942 |
_cKNG _n0 _s1 _034 |
||
| 944 |
_aCR _c2019-12-04 _k30537 _lГрета Цуфелде |
||